Normal view
MARC view
Entry Personal Name
001 - CONTROL NUMBER
- control field: 62537
003 - CONTROL NUMBER IDENTIFIER
- control field: dpl
005 - DATE AND TIME OF LATEST TRANSACTION
- control field: 20240227120430.0
008 - FIXED-LENGTH DATA ELEMENTS
- fixed length control field: 240227|| aca||aabn | a|a d
040 ## - CATALOGING SOURCE
- Original cataloging agency: dpl
- Transcribing agency: dpl
100 ## - HEADING--PERSONAL NAME
- Personal name: MEENAKSHI POONIA
670 ## - SOURCE DATA FOUND
- Source citation: Work cat.: (dpl)201072: 36944 S. POONIA, DR. VIRENDER, ADVANCE STATISTICS/, 2011
